000 00948njm a22002417a 4500
005 20100910135350.0
007 sd ammalaaahaa
008 100830t xxu||||| |||| 00| 0 hin d
028 _a45-101
_bGramophon co.
035 _aGR-01864
040 _aSED/VEN
100 _917458
_aFamous Chappll
245 _aBaby Elephant walk/
_h[Sound recording] :
_cby Famous Chappll
246 _aबेबी एलेफन्त वाल्क /
260 _aDum Dum, India
_bAmerican Dot
_c1962
300 _a1 Sound disc [Gramophone Record] :
_banalog, 45 1/3 rpm
_c7 in (LP)
_fGramophone Records
500 _aBrief record
505 _a Part 1 Baby elephant walk ( Lawrence welk aand his orchestra) Part 2 Pretend (Lawrence welk and his orchestra )
650 _aOrchestra
_91186
_zIndia
_xExcerpts
700 _919239
942 _2ddc
_cGR
999 _c45124
_d45124